Statistics for Former Nation by Symbol (Multiple Choice)

Click here to take the quiz!

General Stats

  • This quiz has been taken 30 times
  • The average score is 9 of 15

Answer Stats

QuestionAnswer% Correct
Empire of Brazil
96%
Yugoslavia
92%
Macedonia
85%
Zaire
81%
Hawaiian Kingdom
77%
Republic of Venice
73%
Dominion of Newfoundland
73%
Ethiopian Empire
69%
Novgorod Republic
58%
Achaemenid Empire
50%
Tibetan Empire
42%
Mali Empire
35%
Timurid Empire
35%
Ayutthaya Kingdom
27%
Aztec Empire
27%

Score Distribution

Percentile by Number Answered

Percent of People with Each Score

Your Score History

You have not taken this quiz